Every Shell shock obstacle/target - Statistics

General Stats
  • This quiz has been taken 6 times
  • The average score is 4 of 10
Answer Stats
Hint Answer % Correct
obstacle Black Hole
67%
obstacle Bumper
67%
Item Double Damage
67%
obstacle Portal
67%
Item Drone
33%
Item Supply Drop
33%
Item Triple Damage
33%
obstacle Circle Bumper
0%
Item Gear Box
0%
Item Teleporter
0%
No matching quizzes found
Score Distribution
Percent of People with Each Score
Percentile by Number Answered
Your Score History
You have not taken this quiz